ბათუმის შოთა რუსთაველის სახელმწიფო უნივერსიტეტის ბიბლიოთეკა

ლოგიკა და კრიტიკული აზროვნება (ბიბ.ჩანაწერი № 49559)

000 -LEADER
fixed length control field 00922nam a2200265Ia 4500
001 - CONTROL NUMBER
control field 16491
003 - CONTROL NUMBER IDENTIFIER
control field GE_BSU
008 - FIXED-LENGTH DATA ELEMENTS--GENERAL INFORMATION
fixed length control field 181216s||||||||xx |||||||||||||| ||und||
020 ## - INTERNATIONAL STANDARD BOOK NUMBER
International Standard Book Number 978-9941-0-4234-8
040 ## - CATALOGING SOURCE
Transcribing agency GE_BSU
080 ## - UNIVERSAL DECIMAL CLASSIFICATION NUMBER
Universal Decimal Classification number 16
100 ## - MAIN ENTRY--PERSONAL NAME
Personal name თომაშვილი, ნინო
245 ## - TITLE STATEMENT
Title ლოგიკა და კრიტიკული აზროვნება
245 ## - TITLE STATEMENT
Remainder of title მოზარდთათვის
245 ## - TITLE STATEMENT
Statement of responsibility, etc. რედ. ნუგზარ ივანიძე
260 ## - PUBLICATION, DISTRIBUTION, ETC.
Place of publication, distribution, etc. თბილისი
260 ## - PUBLICATION, DISTRIBUTION, ETC.
Name of publisher, distributor, etc. Carpe diem
260 ## - PUBLICATION, DISTRIBUTION, ETC.
Date of publication, distribution, etc. 2014.
300 ## - PHYSICAL DESCRIPTION
Extent 176 გვ. ; 20 სმ..
300 ## - PHYSICAL DESCRIPTION
Accompanying material სახელთა საძიებელი: გვ. 170-173. - ბიბლიოგრ.: გვ. 174.
653 ## - INDEX TERM--UNCONTROLLED
Uncontrolled term ლოგიკა
653 ## - INDEX TERM--UNCONTROLLED
Uncontrolled term ლოგიკა; კრიტიკული აზროვნება;
942 ## - ADDED ENTRY ELEMENTS (KOHA)
Koha item type წიგნი
ეგზემპლარები
Withdrawn status Lost status Damaged status Not for loan Date acquired Barcode Date last seen Price effective from Koha item type Public note
        2018-12-17 41024 2018-12-17 2018-12-17 წიგნი  
        2018-12-17 41025 2018-12-17 2018-12-17 წიგნი  
        2018-12-17 41026 2018-12-17 2018-12-17 წიგნი  
        2018-12-17 41027 2018-12-17 2018-12-17 წიგნი  
        2018-12-17 41028 2018-12-17 2018-12-17 წიგნი  
        2018-12-17 47651 (7ლ.70თ.) 2018-12-17 2018-12-17 წიგნი 7ლ.70თ.
        2018-12-17 47652 (7ლ.70თ.) 2018-12-17 2018-12-17 წიგნი 7ლ.70თ.
        2018-12-17 47653 (7ლ.70თ.) 2018-12-17 2018-12-17 წიგნი 7ლ.70თ.
        2018-12-17 47654 (7ლ.70თ.) 2018-12-17 2018-12-17 წიგნი 7ლ.70თ.
        2018-12-17 47655 (7ლ.70თ.) 2018-12-17 2018-12-17 წიგნი 7ლ.70თ.